00502nam a2200193 a 4500001001300000003000900013005001700022008004100039020001000080082001300090100002600103245005800129260002900187300000900216500003500225505001000260650001200270700002600282nice12345678IN_TiNIC20260116011251.0050524s1941 lona grp 000 0 eng  ac10000a252bFOS aFosdic, Harry Emerson aLiving Under Tensionb Sermons on Christianity To-Day aLondonbScm Press c1941 a279p aincludes index and biblioraphy2 aIndex aSermons1 aFosdic, Harry Emerson